The mirror project : the book : experiences in media education with disadvantaged youngsters /

Salvato in:
Dettagli Bibliografici
Altri autori: Hologerwerf, Evert-Jan
Natura: Libro
Lingua:italiano
tedesco
inglese
Pubblicazione: Bologna : AIAS, \2002!
Tags: Aggiungi Tag
Nessun Tag, puoi essere il primo ad aggiungerne!!

MARC

LEADER 00000nam a22000007i 4500
001 IT\ICCU\UBO\1770934
003 ItRI
005 20260115232404.0
008 020708s2002 it |||||| ||||| |||||c
040 |b ita  |c importazione bologna sebina 
041 7 |a ita  |a ger  |a eng  |2 ISO-639-2 
245 0 4 |a The mirror project :  |b the book : experiences in media education with disadvantaged youngsters /  |c editor Evert-Jan Hoogerwerf. 
246 1 1 |a Esperienze di media education con ragazzi svantaggiati.  |9 IT\ICCU\UBO\1771011 
246 1 1 |a Erfahrungen mit Medienerziehung fur benachteiligte Jugendliche.  |9 IT\ICCU\UBO\1771014 
260 |a Bologna :  |b AIAS,  |c \2002! 
300 |a 263 p. :  |b ill. ;  |c 21x23 cm 
500 |a Ed. f. c. 
700 1 |a Hologerwerf, Evert-Jan  |0 IT\ICCU\UBOV\668371 
942 |2 ddc  |c BK  |n 0 
952 |0 0  |1 0  |4 0  |6 DOC_371_900000000000000_HOO  |7 0  |9 25266  |a BO  |b BO  |d 2026-01-15  |i 11859  |l 0  |o DOC 371.9 HOO  |p BO11859  |r 2026-01-15 23:24:04  |w 2026-01-15  |x [Sebina 5] [1 v.]  |y BK  |z 1 v. 
999 |c 21468  |d 21468